000
00318nam a2200109Ia 4500
008
201216s9999 xx 000 0 und d
100
_a
Ruffner, Robert H.
245
0
_a
Handbook of publicity & public relations for the non-profit organization
260
_a
Englewood Cliffs
_b
Prentice Hall
300
_a
247
942
_c
BK
999
_c
6528
_d
6528